Random processes
Saved in:
| Hovedforfatter: | |
|---|---|
| Format: | Bog |
| Sprog: | engelsk |
| Udgivet: |
Nueva York
Springer-Verlag
1974
|
| Udgivelse: | 2a. ed |
| Serier: | Graduate Texts in Mathematics, 17
|
| Fag: | |
| Tags: |
Tilføj Tag
Ingen Tags, Vær først til at tagge denne postø!
|
MARC
| LEADER | 00000nam a2200000 a 4500 | ||
|---|---|---|---|
| 001 | UCP1030 | ||
| 003 | CL-VaPUC | ||
| 008 | 990326e19740000US |||||||||||||||||eng|d | ||
| 082 | 0 | 4 | |a 519.2 |b ROS |2 21 |
| 100 | 0 | |a Rosenblatt, Murray |e author |9 426763 | |
| 245 | 1 | 0 | |a Random processes |
| 250 | |a 2a. ed | ||
| 300 | |a 228 p | ||
| 942 | |c BK | ||
| 945 | |d 19990326 00:00:00 |a crobeson | ||
| 260 | |a Nueva York |b Springer-Verlag |c 1974 | ||
| 650 | 0 | |a Procesos estocásticos |9 260364 | |
| 650 | 0 | |a Procesos de Markov |9 270451 | |
| 650 | 0 | |a Teoría de probabilidades |9 336944 | |
| 650 | 7 | |a PROCESOS ESTACIONARIOS |2 CL-VaPUC |9 424752 | |
| 650 | 0 | |a Cadenas de Markov |9 350699 | |
| 650 | 7 | |a MARTINGALAS |2 CL-VaPUC |9 426421 | |
| 583 | |a last modification |c 19990326 00:00:00 |k Rodrigo Vera | ||
| 490 | 0 | |a Graduate Texts in Mathematics, 17 | |
| 999 | |c 279749 |d 279747 | ||
| 952 | |0 0 |1 0 |4 0 |6 519_200000000000000_ROS_1974 |7 0 |8 A |9 319526 |a BIBGIM |b BIBGIM |d 2019-11-20 |i 133350K |o 519.2 ROS 1974 |p 133350K |r 2025-01-15 |w 2019-11-20 |y BK |k EST | ||